[Event "Weekender - Master"]
[Site "Enniscrone, Sligo, IE"]
[Date "2026.01.30"]
[Round "1"]
[White "Comley, Jamie"]
[Black "Flynn, Jacob"]
[Result "0-1"]
[Board "1"]
[WhiteFideId "2524260"]
[BlackFideId "2509393"]
[BlackTitle "CM"]
[WhiteElo "1960"]
[BlackElo "2218"]
[WhiteTeam "IRL"]
[BlackTeam "IRL"]
[WhiteClock "0:00:33"]
[BlackClock "0:05:29"]
[Variant "Standard"]

1. e4 {[%clk 1:30:54]}  e5 {[%clk 1:30:52]} 2. Nf3 {[%clk 1:31:19]}  Nc6 {[%clk 1:31:17]} 3. d4 {[%clk 1:30:01]}  exd4 {[%clk 1:31:45]} 4. Nxd4 {[%clk 1:30:23]}  Qf6 {[%clk 1:32:06]} 5. Nb5 {[%clk 1:30:10]}  Bc5 {[%clk 1:31:48]} 6. Qe2 {[%clk 1:29:53]}  Bb6 {[%clk 1:31:18]} 7. N1c3 {[%clk 1:21:28]}  Nge7 {[%clk 1:27:31]} 8. Be3 {[%clk 1:15:21]}  Ba5 {[%clk 1:27:40]} 9. O-O-O {[%clk 1:14:59]}  a6 {[%clk 1:13:01]} 10. Nd4 {[%clk 1:10:13]}  Bxc3 {[%clk 1:11:22]} 11. bxc3 {[%clk 1:10:30]}  Qg6 {[%clk 0:55:49]} 12. Bf4 {[%clk 1:01:25]}  d6 {[%clk 0:55:07]} 13. h4 {[%clk 0:54:02]}  h5 {[%clk 0:52:19]} 14. Qe3 {[%clk 0:47:41]}  Ne5 {[%clk 0:48:21]} 15. Bxe5 {[%clk 0:35:41]}  dxe5 {[%clk 0:48:49]} 16. Nf3 {[%clk 0:35:38]}  Nc6 {[%clk 0:29:28]} 17. Qc5 {[%clk 0:25:52]}  Qe6 {[%clk 0:27:47]} 18. Bc4 {[%clk 0:15:03]}  Qe7 {[%clk 0:28:16]} 19. Qxe7+ {[%clk 0:14:34]}  Kxe7 {[%clk 0:28:36]} 20. Bd5 {[%clk 0:14:25]}  f6 {[%clk 0:26:28]} 21. Bxc6 {[%clk 0:13:45]}  bxc6 {[%clk 0:26:56]} 22. Nd2 {[%clk 0:11:02]}  Be6 {[%clk 0:26:47]} 23. Nb3 {[%clk 0:10:29]}  Rhb8 {[%clk 0:20:32]} 24. Kd2 {[%clk 0:04:12]}  a5 {[%clk 0:18:29]} 25. Rb1 {[%clk 0:03:44]}  Rb6 {[%clk 0:09:10]} 26. Kd3 {[%clk 0:02:15]}  Rab8 {[%clk 0:06:21]} 27. f3 {[%clk 0:00:51]}  a4 {[%clk 0:05:36]} 28. Nd2 {[%clk 0:01:10]}  Rxb1 {[%clk 0:05:17]} 29. Rxb1 {[%clk 0:01:21]}  Rxb1 {[%clk 0:05:11]} 30. Nxb1 {[%clk 0:01:44]}  Bxa2 {[%clk 0:05:38]} 31. Na3 {[%clk 0:01:36]}  Be6 {[%clk 0:05:44]} 32. c4 {[%clk 0:01:20]}  Kd6 {[%clk 0:05:49]} 33. Kc3 {[%clk 0:00:36]}  Kc5 {[%clk 0:06:11]} 34. g3 {[%clk 0:00:44]}  g5 {[%clk 0:05:21]} 35. g4 {[%clk 0:00:33]}  gxh4 {[%clk 0:05:29]} 0-1

[Event "Weekender - Master"]
[Site "Enniscrone, Sligo, IE"]
[Date "2026.01.30"]
[Round "1"]
[White "O`cuilleanain, Oisin"]
[Black "Machin Arbelo, Pedro Alexis"]
[Result "1-0"]
[Board "2"]
[WhiteFideId "2514249"]
[BlackFideId "2260972"]
[WhiteElo "2146"]
[BlackElo "1954"]
[WhiteTeam "IRL"]
[BlackTeam "ESP"]
[WhiteClock "0:33:14"]
[BlackClock "0:01:47"]
[Variant "Standard"]

1. e4 {[%clk 1:30:54]}  c5 {[%clk 1:30:38]} 2. Nf3 {[%clk 1:31:17]}  e6 {[%clk 1:31:00]} 3. d4 {[%clk 1:31:34]}  cxd4 {[%clk 1:31:23]} 4. Nxd4 {[%clk 1:31:46]}  Nf6 {[%clk 1:31:38]} 5. Nc3 {[%clk 1:32:11]}  Nc6 {[%clk 1:31:56]} 6. g3 {[%clk 1:31:02]}  Bb4 {[%clk 1:31:43]} 7. Bg2 {[%clk 1:31:11]}  d5 {[%clk 1:22:54]} 8. exd5 {[%clk 1:27:47]}  Nxd5 {[%clk 1:11:03]} 9. O-O {[%clk 1:26:16]}  O-O {[%clk 1:09:49]} 10. Nxd5 {[%clk 1:23:43]}  exd5 {[%clk 1:09:24]} 11. c3 {[%clk 1:23:38]}  Be7 {[%clk 1:06:43]} 12. Be3 {[%clk 1:13:19]}  Bf6 {[%clk 0:50:26]} 13. Qd2 {[%clk 1:04:36]}  Be6 {[%clk 0:43:57]} 14. Rad1 {[%clk 0:55:40]}  Nxd4 {[%clk 0:24:40]} 15. Bxd4 {[%clk 0:55:34]}  Bxd4 {[%clk 0:25:03]} 16. Qxd4 {[%clk 0:55:36]}  Qa5 {[%clk 0:25:26]} 17. a3 {[%clk 0:54:14]}  Rfd8 {[%clk 0:23:49]} 18. f4 {[%clk 0:52:02]}  g6 {[%clk 0:20:38]} 19. Kh1 {[%clk 0:45:10]}  Rac8 {[%clk 0:20:18]} 20. Rfe1 {[%clk 0:44:33]}  Qc5 {[%clk 0:10:47]} 21. Re5 {[%clk 0:39:03]}  Qxd4 {[%clk 0:06:01]} 22. Rxd4 {[%clk 0:39:22]}  Rc4 {[%clk 0:03:40]} 23. Rd2 {[%clk 0:39:32]}  b5 {[%clk 0:03:42]} 24. Bxd5 {[%clk 0:34:21]}  Rc5 {[%clk 0:04:02]} 25. Bxe6 {[%clk 0:34:16]}  Rxd2 {[%clk 0:04:25]} 26. Rxc5 {[%clk 0:34:38]}  fxe6 {[%clk 0:04:30]} 27. Rxb5 {[%clk 0:35:02]}  Kf7 {[%clk 0:04:07]} 28. c4 {[%clk 0:34:26]}  Kf6 {[%clk 0:03:49]} 29. g4 {[%clk 0:34:06]}  Rd4 {[%clk 0:03:25]} 30. g5+ {[%clk 0:33:33]}  Ke7 {[%clk 0:03:28]} 31. c5 {[%clk 0:33:42]}  Rxf4 {[%clk 0:03:33]} 32. Rb7+ {[%clk 0:32:59]}  Kd8 {[%clk 0:04:02]} 33. Rxa7 {[%clk 0:32:48]}  Rf5 {[%clk 0:04:17]} 34. b4 {[%clk 0:33:04]}  Rxg5 {[%clk 0:04:29]} 35. c6 {[%clk 0:33:24]}  e5 {[%clk 0:02:46]} 36. b5 {[%clk 0:33:43]}  e4 {[%clk 0:02:55]} 37. b6 {[%clk 0:32:56]}  e3 {[%clk 0:02:52]} 38. c7+ {[%clk 0:32:20]}  Kd7 {[%clk 0:02:18]} 39. Ra8 {[%clk 0:32:38]}  Rc5 {[%clk 0:01:51]} 40. Rd8+ {[%clk 0:33:01]}  Ke7 {[%clk 0:01:47]} 41. c8=Q {[%clk 0:33:14]} 1-0

[Event "Weekender - Master"]
[Site "Enniscrone, Sligo, IE"]
[Date "2026.01.30"]
[Round "1"]
[White "Millward, Kevin P"]
[Black "Govindaraju, Darun"]
[Result "0-1"]
[Board "3"]
[WhiteFideId "404721"]
[BlackFideId "2519690"]
[WhiteElo "1948"]
[BlackElo "2124"]
[WhiteTeam "ENG"]
[BlackTeam "IRL"]
[WhiteClock "0:01:00"]
[BlackClock "0:01:52"]
[Variant "Standard"]

1. d4 {[%clk 1:30:56]}  d5 {[%clk 1:29:40]} 2. Bf4 {[%clk 1:30:52]}  c5 {[%clk 1:30:05]} 3. e3 {[%clk 1:30:22]}  Nc6 {[%clk 1:30:03]} 4. Nf3 {[%clk 1:28:59]}  Nf6 {[%clk 1:30:02]} 5. Nc3 {[%clk 1:28:39]}  cxd4 {[%clk 1:28:55]} 6. exd4 {[%clk 1:28:52]}  a6 {[%clk 1:29:19]} 7. Ne5 {[%clk 1:27:11]}  e6 {[%clk 1:29:34]} 8. Nxc6 {[%clk 1:26:21]}  bxc6 {[%clk 1:29:58]} 9. Na4 {[%clk 1:26:27]}  Bd6 {[%clk 1:29:07]} 10. Bxd6 {[%clk 1:25:37]}  Qxd6 {[%clk 1:29:29]} 11. Bd3 {[%clk 1:25:01]}  Nd7 {[%clk 1:28:44]} 12. O-O {[%clk 1:22:58]}  O-O {[%clk 1:23:47]} 13. c3 {[%clk 1:10:23]}  c5 {[%clk 1:20:57]} 14. dxc5 {[%clk 1:00:55]}  Nxc5 {[%clk 1:20:42]} 15. Nxc5 {[%clk 0:59:52]}  Qxc5 {[%clk 1:21:04]} 16. Re1 {[%clk 0:58:20]}  a5 {[%clk 1:20:01]} 17. Qd2 {[%clk 0:50:43]}  Qc7 {[%clk 1:04:57]} 18. f4 {[%clk 0:42:55]}  Ba6 {[%clk 0:58:16]} 19. Bxa6 {[%clk 0:38:06]}  Rxa6 {[%clk 0:58:19]} 20. Qf2 {[%clk 0:34:41]}  Rb8 {[%clk 0:50:28]} 21. Rad1 {[%clk 0:30:40]}  Qb6 {[%clk 0:39:25]} 22. Rd2 {[%clk 0:27:53]}  Qxf2+ {[%clk 0:35:08]} 23. Kxf2 {[%clk 0:28:14]}  Rab6 {[%clk 0:34:57]} 24. Ree2 {[%clk 0:27:06]}  g6 {[%clk 0:34:28]} 25. Ke1 {[%clk 0:23:56]}  h5 {[%clk 0:33:35]} 26. Kd1 {[%clk 0:22:47]}  Kg7 {[%clk 0:33:30]} 27. Kc1 {[%clk 0:22:25]}  Kf6 {[%clk 0:31:45]} 28. Rd4 {[%clk 0:19:09]}  Rb5 {[%clk 0:29:20]} 29. b3 {[%clk 0:13:16]}  Rc5 {[%clk 0:28:25]} 30. Kb2 {[%clk 0:12:46]}  Rbc8 {[%clk 0:28:39]} 31. Re3 {[%clk 0:10:36]}  Kf5 {[%clk 0:28:34]} 32. Re5+ {[%clk 0:10:10]}  Kf6 {[%clk 0:28:57]} 33. Re3 {[%clk 0:10:30]}  Rb8 {[%clk 0:28:20]} 34. Re5 {[%clk 0:08:15]}  Rc6 {[%clk 0:21:10]} 35. Re2 {[%clk 0:07:06]}  Ra8 {[%clk 0:20:44]} 36. Rc2 {[%clk 0:06:33]}  Kf5 {[%clk 0:18:20]} 37. Re2 {[%clk 0:06:32]}  f6 {[%clk 0:17:46]} 38. Rf2 {[%clk 0:04:03]}  Rac8 {[%clk 0:17:02]} 39. Rf3 {[%clk 0:03:16]}  Rc5 {[%clk 0:17:04]} 40. Rfd3 {[%clk 0:02:50]}  Rb8 {[%clk 0:16:03]} 41. Kc2 {[%clk 0:01:38]}  Rbb5 {[%clk 0:14:27]} 42. a4 {[%clk 0:01:23]}  Rb6 {[%clk 0:13:48]} 43. Kb2 {[%clk 0:01:30]}  Rb8 {[%clk 0:11:19]} 44. Ka3 {[%clk 0:01:12]}  Rbc8 {[%clk 0:10:18]} 45. Kb2 {[%clk 0:01:40]}  R8c7 {[%clk 0:07:31]} 46. Rf3 {[%clk 0:01:27]}  Rd7 {[%clk 0:04:35]} 47. b4 {[%clk 0:00:52]}  Rc4 {[%clk 0:02:50]} 48. Kb3 {[%clk 0:00:34]}  Rdc7 {[%clk 0:01:46]} 49. b5 {[%clk 0:00:40]}  Rxd4 {[%clk 0:01:16]} 50. cxd4 {[%clk 0:01:09]}  Rc4 {[%clk 0:01:39]} 51. Ka3 {[%clk 0:00:50]}  Ke4 {[%clk 0:01:10]} 52. b6 {[%clk 0:00:35]}  Rc8 {[%clk 0:01:03]} 53. Rb3 {[%clk 0:00:32]}  Kxd4 {[%clk 0:01:30]} 54. b7 {[%clk 0:00:35]}  Rb8 {[%clk 0:01:58]} 55. Rb6 {[%clk 0:01:00]}  e5 {[%clk 0:01:52]} 56. fxe5 {[%clk 0:00:38]}  fxe5 {[%clk 0:02:02]} 57. Kb2 {[%clk 0:00:43]}  Kd3 {[%clk 0:01:28]} 58. Kc1 {[%clk 0:00:58]}  e4 {[%clk 0:01:16]} 59. Kd1 {[%clk 0:00:58]}  d4 {[%clk 0:01:18]} 60. Ke1 {[%clk 0:00:37]}  e3 {[%clk 0:01:12]} 61. h4 {[%clk 0:00:40]}  e2 {[%clk 0:00:50]} 62. Rxg6 {[%clk 0:00:34]}  Rxb7 {[%clk 0:00:53]} 63. Rg3+ {[%clk 0:01:02]}  Kc2 {[%clk 0:01:06]} 64. Kxe2 {[%clk 0:01:31]}  Re7 {[%clk 0:01:24]} 65. Kf2 {[%clk 0:00:38]}  d3 {[%clk 0:01:30]} 66. Rg8 {[%clk 0:00:44]}  d2 {[%clk 0:01:01]} 67. Rc8+ {[%clk 0:01:04]}  Kd1 {[%clk 0:01:29]} 68. Rd8 {[%clk 0:00:32]}  Rf7+ {[%clk 0:01:06]} 69. Kg1 {[%clk 0:00:37]}  Rf5 {[%clk 0:01:22]} 70. Rc8 {[%clk 0:00:34]}  Ke2 {[%clk 0:01:00]} 71. Re8+ {[%clk 0:00:54]}  Kd3 {[%clk 0:01:17]} 72. Rd8+ {[%clk 0:01:17]}  Ke3 {[%clk 0:01:30]} 73. g3 {[%clk 0:00:50]}  Rc5 {[%clk 0:01:19]} 74. Kg2 {[%clk 0:00:35]}  Rc1 {[%clk 0:01:33]} 75. Re8+ {[%clk 0:00:36]}  Kd3 {[%clk 0:01:54]} 76. Rd8+ {[%clk 0:01:00]}  Kc3 {[%clk 0:01:52]} 0-1

[Event "Weekender - Master"]
[Site "Enniscrone, Sligo, IE"]
[Date "2026.01.30"]
[Round "1"]
[White "Hushpit, Lukian"]
[Black "Blijlevens, Pim"]
[Result "1/2-1/2"]
[Board "4"]
[WhiteFideId "14189208"]
[BlackFideId "1022997"]
[WhiteElo "2097"]
[BlackElo "1942"]
[WhiteTeam "IRL"]
[BlackTeam "NED"]
[WhiteClock "0:01:58"]
[BlackClock "0:01:52"]
[Variant "Standard"]

1. e4 {[%clk 1:30:53]}  e6 {[%clk 1:30:51]} 2. d4 {[%clk 1:31:16]}  d5 {[%clk 1:31:11]} 3. Nd2 {[%clk 1:30:51]}  Nc6 {[%clk 1:31:24]} 4. Ngf3 {[%clk 1:30:28]}  Nf6 {[%clk 1:31:11]} 5. e5 {[%clk 1:28:24]}  Nd7 {[%clk 1:31:19]} 6. c3 {[%clk 1:26:40]}  f6 {[%clk 1:31:28]} 7. exf6 {[%clk 1:25:55]}  Qxf6 {[%clk 1:31:48]} 8. Bb5 {[%clk 1:19:08]}  Bd6 {[%clk 1:31:22]} 9. Qe2 {[%clk 1:08:39]}  O-O {[%clk 1:28:10]} 10. O-O {[%clk 1:03:38]}  e5 {[%clk 1:28:22]} 11. dxe5 {[%clk 1:01:25]}  Ndxe5 {[%clk 1:28:06]} 12. Nxe5 {[%clk 0:55:45]}  Nxe5 {[%clk 1:27:07]} 13. h3 {[%clk 0:48:20]}  c6 {[%clk 1:19:09]} 14. Ba4 {[%clk 0:38:31]}  Bf5 {[%clk 1:11:04]} 15. Qe3 {[%clk 0:33:46]}  Rae8 {[%clk 1:07:10]} 16. Qd4 {[%clk 0:22:30]}  Qe6 {[%clk 0:35:53]} 17. Bb3 {[%clk 0:05:27]}  Bxh3 {[%clk 0:34:26]} 18. Qh4 {[%clk 0:02:30]}  Bxg2 {[%clk 0:28:13]} 19. Re1 {[%clk 0:01:30]}  Be4 {[%clk 0:22:04]} 20. Rxe4 {[%clk 0:00:44]}  Nf3+ {[%clk 0:19:39]} 21. Nxf3 {[%clk 0:00:56]}  Qxe4 {[%clk 0:20:05]} 22. Qxe4 {[%clk 0:01:03]}  Rxe4 {[%clk 0:20:33]} 23. Bd1 {[%clk 0:00:42]}  Bf4 {[%clk 0:17:10]} 24. Bxf4 {[%clk 0:00:38]}  Rexf4 {[%clk 0:17:39]} 25. Kg2 {[%clk 0:00:41]}  g5 {[%clk 0:16:57]} 26. Kg3 {[%clk 0:00:47]}  g4 {[%clk 0:16:57]} 27. Nd4 {[%clk 0:00:42]}  Rxf2 {[%clk 0:16:50]} 28. Ne6 {[%clk 0:00:52]}  R8f6 {[%clk 0:17:00]} 29. Bxg4 {[%clk 0:00:49]}  Rf1 {[%clk 0:14:37]} 30. Rxf1 {[%clk 0:00:57]}  Rxf1 {[%clk 0:15:01]} 31. Nc5 {[%clk 0:00:36]}  Ra1 {[%clk 0:13:24]} 32. a3 {[%clk 0:00:48]}  Rb1 {[%clk 0:13:04]} 33. Nd3 {[%clk 0:01:07]}  Kg7 {[%clk 0:11:58]} 34. Bc8 {[%clk 0:01:01]}  Rd1 {[%clk 0:08:34]} 35. Nf4 {[%clk 0:00:54]}  Rd2 {[%clk 0:08:13]} 36. Bxb7 {[%clk 0:01:04]}  Rxb2 {[%clk 0:08:24]} 37. Bxc6 {[%clk 0:01:19]}  Rb3 {[%clk 0:08:33]} 38. Nxd5 {[%clk 0:01:37]}  Rxa3 {[%clk 0:08:52]} 39. Kf4 {[%clk 0:01:55]}  a5 {[%clk 0:08:51]} 40. c4 {[%clk 0:02:15]}  Ra1 {[%clk 0:08:47]} 41. Nb6 {[%clk 0:02:12]}  Kf6 {[%clk 0:08:03]} 42. c5 {[%clk 0:02:18]}  h5 {[%clk 0:07:38]} 43. Be8 {[%clk 0:02:04]}  Rf1+ {[%clk 0:04:51]} 44. Kg3 {[%clk 0:02:10]}  Kg5 {[%clk 0:03:27]} 45. c6 {[%clk 0:02:06]}  h4+ {[%clk 0:03:51]} 46. Kg2 {[%clk 0:02:23]}  Rc1 {[%clk 0:03:57]} 47. Nd5 {[%clk 0:01:50]}  Kf5 {[%clk 0:01:41]} 48. Bd7+ {[%clk 0:01:35]}  Ke5 {[%clk 0:02:01]} 49. c7 {[%clk 0:01:58]}  Kxd5 {[%clk 0:01:52]} 1/2-1/2

[Event "Weekender - Master"]
[Site "Enniscrone, Sligo, IE"]
[Date "2026.01.30"]
[Round "1"]
[White "Nikiforov, Sergey"]
[Black "Barnes, Oliver"]
[Result "0-1"]
[Board "5"]
[WhiteFideId "14129086"]
[BlackFideId "2517604"]
[WhiteElo "1933"]
[BlackElo "2066"]
[WhiteTeam "UKR"]
[BlackTeam "IRL"]
[WhiteClock "0:16:35"]
[BlackClock "0:02:31"]
[Variant "Standard"]

1. e4 {[%clk 1:30:57]}  e6 {[%clk 1:30:43]} 2. d3 {[%clk 1:31:04]}  d5 {[%clk 1:30:48]} 3. Nd2 {[%clk 1:31:25]}  Nf6 {[%clk 1:31:08]} 4. Ngf3 {[%clk 1:31:45]}  c5 {[%clk 1:30:56]} 5. g3 {[%clk 1:32:01]}  Nc6 {[%clk 1:31:19]} 6. Bg2 {[%clk 1:32:20]}  Be7 {[%clk 1:31:34]} 7. O-O {[%clk 1:32:37]}  O-O {[%clk 1:31:55]} 8. Re1 {[%clk 1:31:40]}  b5 {[%clk 1:31:47]} 9. e5 {[%clk 1:31:39]}  Nd7 {[%clk 1:32:10]} 10. c3 {[%clk 1:30:32]}  a5 {[%clk 1:25:16]} 11. Nf1 {[%clk 1:28:51]}  b4 {[%clk 1:13:49]} 12. h4 {[%clk 1:24:48]}  h6 {[%clk 1:05:51]} 13. h5 {[%clk 1:17:50]}  Re8 {[%clk 0:58:01]} 14. N1h2 {[%clk 1:16:57]}  a4 {[%clk 0:57:01]} 15. c4 {[%clk 1:11:22]}  Nb6 {[%clk 0:44:29]} 16. cxd5 {[%clk 1:03:51]}  exd5 {[%clk 0:42:48]} 17. Bf4 {[%clk 1:00:49]}  Be6 {[%clk 0:39:24]} 18. Qd2 {[%clk 0:54:36]}  c4 {[%clk 0:34:42]} 19. g4 {[%clk 0:46:23]}  cxd3 {[%clk 0:26:41]} 20. Qxd3 {[%clk 0:40:16]}  b3 {[%clk 0:22:53]} 21. axb3 {[%clk 0:35:25]}  Nb4 {[%clk 0:21:45]} 22. Qd1 {[%clk 0:34:34]}  axb3 {[%clk 0:20:27]} 23. Rxa8 {[%clk 0:34:19]}  Qxa8 {[%clk 0:16:32]} 24. Qxb3 {[%clk 0:32:58]}  Nc4 {[%clk 0:14:44]} 25. Nd4 {[%clk 0:28:01]}  Qa7 {[%clk 0:11:07]} 26. Nf5 {[%clk 0:20:05]}  Bc5 {[%clk 0:10:45]} 27. Qg3 {[%clk 0:16:19]}  Nxb2 {[%clk 0:07:14]} 28. Be3 {[%clk 0:12:27]}  d4 {[%clk 0:06:07]} 29. Bxh6 {[%clk 0:11:57]}  gxh6 {[%clk 0:03:50]} 30. Nxh6+ {[%clk 0:12:23]}  Kh8 {[%clk 0:03:30]} 31. Qf4 {[%clk 0:08:43]}  Qe7 {[%clk 0:01:49]} 32. Nf5 {[%clk 0:07:40]}  Qf8 {[%clk 0:01:38]} 33. Be4 {[%clk 0:05:24]}  Nd5 {[%clk 0:00:43]} 34. Qf3 {[%clk 0:02:10]}  Nc3 {[%clk 0:00:50]} 35. Bc2 {[%clk 0:00:52]}  Bd5 {[%clk 0:01:05]} 36. Qg3 {[%clk 0:00:42]}  f6 {[%clk 0:00:55]} 37. Nh4 {[%clk 0:00:44]}  Bf7 {[%clk 0:01:07]} 38. e6 {[%clk 0:00:59]}  Qd6 {[%clk 0:00:55]} 39. Qxd6 {[%clk 0:00:37]}  Bxd6 {[%clk 0:01:24]} 40. Ng6+ {[%clk 0:00:40]}  Kg7 {[%clk 0:00:48]} 41. Nf3 {[%clk 0:00:41]}  d3 {[%clk 0:00:52]} 42. exf7 {[%clk 0:00:45]}  Rxe1+ {[%clk 0:00:39]} 43. Nxe1 {[%clk 0:01:14]}  dxc2 {[%clk 0:00:42]} 44. Nxc2 {[%clk 0:01:41]}  Kxf7 {[%clk 0:00:47]} 45. Kg2 {[%clk 0:01:33]}  Nd3 {[%clk 0:00:54]} 46. Ne3 {[%clk 0:01:07]}  Bc5 {[%clk 0:00:45]} 47. Nh4 {[%clk 0:01:00]}  Ne4 {[%clk 0:00:40]} 48. Kf3 {[%clk 0:00:38]}  Ng5+ {[%clk 0:00:47]} 49. Kg2 {[%clk 0:00:43]}  Nf4+ {[%clk 0:00:38]} 50. Kg3 {[%clk 0:00:46]}  Bd6 {[%clk 0:00:52]} 51. Nhf5 {[%clk 0:00:45]}  Bc7 {[%clk 0:00:36]} 52. Kh2 {[%clk 0:00:38]}  Nxh5+ {[%clk 0:00:54]} 53. Kg2 {[%clk 0:00:53]}  Nf4+ {[%clk 0:01:16]} 54. Kf1 {[%clk 0:01:05]}  Nf3 {[%clk 0:01:08]} 55. Ng2 {[%clk 0:00:37]}  Nh2+ {[%clk 0:01:03]} 56. Kg1 {[%clk 0:00:44]}  Nxg4 {[%clk 0:01:31]} 57. Nxf4 {[%clk 0:00:42]}  Bxf4 {[%clk 0:02:00]} 58. Kg2 {[%clk 0:00:59]}  Kg6 {[%clk 0:01:12]} 59. Ne7+ {[%clk 0:00:53]}  Kg5 {[%clk 0:01:32]} 60. Nd5 {[%clk 0:01:00]}  f5 {[%clk 0:01:11]} 61. Ne7 {[%clk 0:00:58]}  Bd6 {[%clk 0:01:28]} 62. Nxf5 {[%clk 0:01:06]}  Kxf5 {[%clk 0:01:57]} 63. Kf3 {[%clk 0:01:27]}  Bc5 {[%clk 0:02:22]} 64. Kg3 {[%clk 0:01:49]}  Bxf2+ {[%clk 0:01:53]} 65. Kf3 {[%clk 0:02:13]}  Bd4 {[%clk 0:02:14]} 66. Kg3 {[%clk 0:02:25]}  Ne5 {[%clk 0:02:33]} 67. Kg2 {[%clk 0:02:44]}  Kf4 {[%clk 0:02:35]} 68. Kh3 {[%clk 0:02:52]}  Kf3 {[%clk 0:01:59]} 69. Kh2 {[%clk 0:02:56]}  Ng4+ {[%clk 0:01:57]} 70. Kh1 {[%clk 0:03:06]}  Be5 {[%clk 0:01:53]} 71. Kg1 {[%clk 0:03:34]}  Nf2 {[%clk 0:01:59]} 72. Kf1 {[%clk 0:03:59]}  Bh2 {[%clk 0:01:56]} 73. Ke1 {[%clk 0:04:26]}  Ne4 {[%clk 0:01:28]} 74. Kd1 {[%clk 0:04:46]}  Be5 {[%clk 0:01:28]} 75. Kc2 {[%clk 0:05:00]}  Nc5 {[%clk 0:01:57]} 76. Kd2 {[%clk 0:05:14]}  Kf2 {[%clk 0:01:39]} 77. Kd1 {[%clk 0:05:21]}  Ke3 {[%clk 0:01:19]} 78. Ke1 {[%clk 0:05:41]}  Kf3 {[%clk 0:00:55]} 79. Kd2 {[%clk 0:06:01]}  Bd4 {[%clk 0:01:17]} 80. Ke1 {[%clk 0:06:18]}  Nb3 {[%clk 0:00:57]} 81. Kd1 {[%clk 0:06:26]}  Ke3 {[%clk 0:01:09]} 82. Kc2 {[%clk 0:06:38]}  Nc5 {[%clk 0:01:37]} 83. Kd1 {[%clk 0:07:00]}  Bc3 {[%clk 0:01:13]} 84. Kc2 {[%clk 0:07:25]}  Kd4 {[%clk 0:01:36]} 85. Kc1 {[%clk 0:07:41]}  Kd3 {[%clk 0:01:28]} 86. Kd1 {[%clk 0:08:08]}  Ne6 {[%clk 0:01:15]} 87. Kc1 {[%clk 0:08:33]}  Nd4 {[%clk 0:01:31]} 88. Kd1 {[%clk 0:08:49]}  Nc2 {[%clk 0:01:28]} 89. Kc1 {[%clk 0:09:18]}  Be5 {[%clk 0:01:39]} 90. Kd1 {[%clk 0:09:39]}  Bg3 {[%clk 0:02:04]} 91. Kc1 {[%clk 0:10:05]}  Kc3 {[%clk 0:02:07]} 92. Kd1 {[%clk 0:10:28]}  Nd4 {[%clk 0:01:31]} 93. Kc1 {[%clk 0:10:56]}  Bh4 {[%clk 0:00:59]} 94. Kd1 {[%clk 0:11:14]}  Kd3 {[%clk 0:01:12]} 95. Kc1 {[%clk 0:11:43]}  Be1 {[%clk 0:01:15]} 96. Kd1 {[%clk 0:11:57]}  Nc2 {[%clk 0:01:35]} 97. Kc1 {[%clk 0:12:24]}  Bc3 {[%clk 0:01:25]} 98. Kd1 {[%clk 0:12:46]}  Ne3+ {[%clk 0:01:26]} 99. Kc1 {[%clk 0:13:15]}  Bd4 {[%clk 0:01:20]} 100. Kb1 {[%clk 0:13:41]}  Kc4 {[%clk 0:01:16]} 101. Ka2 {[%clk 0:13:52]}  Kb4 {[%clk 0:00:44]} 102. Kb1 {[%clk 0:14:21]}  Kb3 {[%clk 0:01:11]} 103. Kc1 {[%clk 0:14:44]}  Bc3 {[%clk 0:01:27]} 104. Kb1 {[%clk 0:15:11]}  Bd2 {[%clk 0:01:36]} 105. Ka1 {[%clk 0:15:39]}  Nc2+ {[%clk 0:01:47]} 106. Kb1 {[%clk 0:16:07]}  Na3+ {[%clk 0:02:06]} 107. Ka1 {[%clk 0:16:35]}  Bc3# {[%clk 0:02:31]} 0-1

[Event "Weekender - Master"]
[Site "Enniscrone, Sligo, IE"]
[Date "2026.01.30"]
[Round "1"]
[White "Murray, Benjamin"]
[Black "Gulljord, Birk"]
[Result "1-0"]
[Board "6"]
[WhiteFideId "2512963"]
[BlackFideId "1542753"]
[WhiteElo "2047"]
[BlackElo "1925"]
[WhiteTeam "IRL"]
[BlackTeam "NOR"]
[WhiteClock "0:04:28"]
[BlackClock "0:00:45"]
[Variant "Standard"]

1. e4 {[%clk 1:30:57]}  c6 {[%clk 1:30:52]} 2. Nf3 {[%clk 1:31:13]}  d5 {[%clk 1:31:11]} 3. Nc3 {[%clk 1:31:35]}  Bg4 {[%clk 1:31:30]} 4. Be2 {[%clk 1:31:46]}  Nf6 {[%clk 1:31:09]} 5. e5 {[%clk 1:31:40]}  Nfd7 {[%clk 1:31:27]} 6. d4 {[%clk 1:31:55]}  e6 {[%clk 1:31:45]} 7. O-O {[%clk 1:31:54]}  Bxf3 {[%clk 1:31:42]} 8. Bxf3 {[%clk 1:31:51]}  c5 {[%clk 1:32:01]} 9. dxc5 {[%clk 1:22:09]}  Nc6 {[%clk 1:31:52]} 10. Re1 {[%clk 1:21:17]}  Bxc5 {[%clk 1:25:58]} 11. Bf4 {[%clk 1:20:33]}  O-O {[%clk 1:18:13]} 12. a3 {[%clk 1:12:45]}  Rc8 {[%clk 1:05:15]} 13. Bg3 {[%clk 0:41:40]}  Bd4 {[%clk 0:56:11]} 14. Nb5 {[%clk 0:36:05]}  Bxe5 {[%clk 0:52:27]} 15. Nxa7 {[%clk 0:34:27]}  Bxg3 {[%clk 0:50:14]} 16. Nxc8 {[%clk 0:32:11]}  Bb8 {[%clk 0:40:24]} 17. c4 {[%clk 0:30:52]}  Qxc8 {[%clk 0:33:11]} 18. cxd5 {[%clk 0:30:17]}  exd5 {[%clk 0:33:02]} 19. Qxd5 {[%clk 0:25:03]}  Nde5 {[%clk 0:28:22]} 20. Rad1 {[%clk 0:21:58]}  Nxf3+ {[%clk 0:25:42]} 21. Qxf3 {[%clk 0:22:18]}  Qc7 {[%clk 0:23:29]} 22. Qh3 {[%clk 0:19:14]}  h6 {[%clk 0:17:04]} 23. Rd7 {[%clk 0:16:41]}  Qb6 {[%clk 0:15:18]} 24. Qf5 {[%clk 0:11:45]}  Nd4 {[%clk 0:11:26]} 25. Qd5 {[%clk 0:10:39]}  Ne6 {[%clk 0:05:50]} 26. Rxb7 {[%clk 0:10:48]}  Qa6 {[%clk 0:02:01]} 27. Rd7 {[%clk 0:10:07]}  Nf4 {[%clk 0:01:58]} 28. Qf5 {[%clk 0:08:50]}  Qc6 {[%clk 0:00:53]} 29. f3 {[%clk 0:08:29]}  Ba7+ {[%clk 0:00:37]} 30. Rxa7 {[%clk 0:06:06]}  Qb6+ {[%clk 0:00:56]} 31. Kh1 {[%clk 0:06:31]}  Qxa7 {[%clk 0:01:00]} 32. Qxf4 {[%clk 0:06:50]}  Qf2 {[%clk 0:01:06]} 33. Qc1 {[%clk 0:04:41]}  Rd8 {[%clk 0:00:50]} 34. b4 {[%clk 0:04:19]}  Rd2 {[%clk 0:00:45]} 35. Qc8+ {[%clk 0:04:28]} 1-0